Česká fotografie 20. století

Gespeichert in:
Bibliographische Detailangaben
Hauptverfasser: Birgus, Vladimír (Verfasst von), Mlčoch, Jan (Verfasst von)
Format: Buch
Sprache:Tschechisch
Veröffentlicht: Praha : KANT, 2009
Schlagworte:
Tags: Tag hinzufügen
Keine Tags, Fügen Sie das erste Tag hinzu!

MARC

LEADER 00000nam a22000003a 4500
001 stu216230
005 20150617225656.1
008 101112s2009------------------------cze-d
020 |a 978-80-7437-026-7 
040 |a STU  |b slo 
041 0 |a cze 
100 1 |a Birgus, Vladimír  |4 aut 
245 1 |a Česká fotografie 20. století 
260 |a Praha :  |b KANT,  |c 2009 
300 |a 390 s 
650 7 |a Fotografia  |2 stusub 
700 1 |a Mlčoch, Jan  |4 aut 
996 |b 284AU04591  |c A*7129 U  |l AAKNST  |s P  |a 0  |w stu216230_0001